LEADER 00975nam0-22003011i-450- 001 990006839670403321 005 20040709093545.0 035 $a000683967 035 $aFED01000683967 035 $a(Aleph)000683967FED01 035 $a000683967 100 $a20010426d1995----km-y0itay50------ba 101 0 $aita 105 $ay-------001yy 200 1 $aSan Vincenzo al Volturno$edal Chronicon alla storia$fa cura di Gianfranco De Benedittis 210 $aIsernia$cCosmo Iannone$d1995 215 $a468 p.$d26 cm 300 $aIn testa al front.: Istituto regionale per gli studi storici del Molise "V. Cuoco". 610 0 $aMonastero di San Vincenzo al Volturno - Storia - Fonti manoscritte 676 $a726.7 702 1$aDe Benedittis,$bGianfranco$f<1945- > 801 0$aIT$bUNINA$gRICA$2UNIMARC 901 $aBK 912 $a990006839670403321 952 $aXIV O 252$b29722$fFSPBC 959 $aFSPBC 996 $aSan Vincenzo al Volturno$9626229 997 $aUNINA LEADER 01494oam 2200493zu 450 001 996211234403316 005 20210807004639.0 010 $a1-118-66759-X 035 $a(CKB)3450000000004496 035 $a(SSID)ssj0000726743 035 $a(PQKBManifestationID)11464773 035 $a(PQKBTitleCode)TC0000726743 035 $a(PQKBWorkID)10683226 035 $a(PQKB)10601312 035 $a(PPN)189694882 035 $a(EXLCZ)993450000000004496 100 $a20160829d1989 uy 101 0 $aeng 181 $ctxt 182 $cc 183 $acr 200 00$aVolcanic hazards 210 31$a[Place of publication not identified]$cAmerican Geophysical Union$d1989 225 0 $aShort course in geology Volcanic hazards 300 $aBibliographic Level Mode of Issuance: Monograph 311 $a0-87590-705-9 606 $aVolcanoes 606 $aVolcanic hazard analysis 606 $aGeology$2HILCC 606 $aEarth & Environmental Sciences$2HILCC 606 $aDynamic & Structural Geology$2HILCC 615 0$aVolcanoes 615 0$aVolcanic hazard analysis 615 7$aGeology 615 7$aEarth & Environmental Sciences 615 7$aDynamic & Structural Geology 676 $a363.3/495 702 $aTilling$b Robert I 712 12$aInternational Geological Congress$d(28th :$f1989 :$eWashington, D.C.) 801 0$bPQKB 906 $aBOOK 912 $a996211234403316 996 $aVolcanic hazards$91938595 997 $aUNISA LEADER 01031nam 2200337 450 001 9910158949403321 005 20230807213127.0 010 $a1-78625-473-5 035 $a(CKB)3710000001011508 035 $a(MiAaPQ)EBC4808182 035 $a(EXLCZ)993710000001011508 100 $a20200108h20151948 uy 0 101 0 $aeng 135 $aurcnu|||||||| 181 $ctxt$2rdacontent 182 $cc$2rdamedia 183 $acr$2rdacarrier 200 10$aRendezvous with destiny $ea history of the 101st Airborne Division /$fby Leonard Rapport and Arthur Northwood, Jr 210 1$a[Place of publication not identified] :$cPickle Partners Publishing,$d2015. 210 4$dİ1948 215 $a1 online resource (971 pages) 676 $a940.541273 700 $aRapport$b Leonard$f1913-2008,$01375092 702 $aNorthwood$b Arthur$f1913- 801 0$bMiAaPQ 801 1$bMiAaPQ 801 2$bMiAaPQ 906 $aBOOK 912 $a9910158949403321 996 $aRendezvous with destiny$93409183 997 $aUNINA